Catálogo

El lado oscuro de Enrique Peña Nieto / (Registro nro. 24916)

Detalles MARC
000 -LEADER
fixed length control field 01593cam a2200397 i 4500
001 - CONTROL NUMBER
control field 24916
003 - CONTROL NUMBER IDENTIFIER
control field Mx-PuUPA
005 - DATE AND TIME OF LATEST TRANSACTION
control field 20250409152505.0
008 - FIXED-LENGTH DATA ELEMENTS--GENERAL INFORMATION
fixed length control field 140415s2012 mx gr 001 0 spa d
020 ## - INTERNATIONAL STANDARD BOOK NUMBER
International Standard Book Number 9786070711145
040 ## - CATALOGING SOURCE
Original cataloging agency Mx-PuUPA
Transcribing agency Mx-PuUPA
Language of cataloging spa
Modifying agency Mx-PuUPA
Description conventions rda
041 0# - LANGUAGE CODE
Language code of text/sound track or separate title spa
043 ## - GEOGRAPHIC AREA CODE
Geographic area code n-mx---
245 13 - TITLE STATEMENT
Title El lado oscuro de Enrique Peña Nieto /
Statement of responsibility, etc. coordinador, Rafael Rodríguez Castañeda ; con el equipo de reporteros de la Revista Proceso, Álvaro Delgado, Jesusa Cervantes, Gloria Leticia Díaz [y otros siete]
250 ## - EDITION STATEMENT
Edition statement Primera edición /
Remainder of edition statement abril
264 #1 - PRODUCTION, PUBLICATION, DISTRIBUTION, MANUFACTURE, AND COPYRIGHT NOTICE
Place of production, publication, distribution, manufacture México, D. F. :
Name of producer, publisher, distributor, manufacturer Temas de hoy ;
Date of production, publication, distribution, manufacture, or copyright notice ©2012
300 ## - PHYSICAL DESCRIPTION
Extent 303 páginas ;
Dimensions 23 cm
336 ## - CONTENT TYPE
Fuente rdacontent
Content type term texto
Content type code txt
337 ## - MEDIA TYPE
Source rdamedia
Media type term sin medio
Media type code n
338 ## - CARRIER TYPE
Source rdacarrier
Carrier type term volumen
Carrier type code nc
600 14 - SUBJECT ADDED ENTRY--PERSONAL NAME
Personal name Peña Nieto, Enrique,
Dates associated with a name 1966-
650 #7 - SUBJECT ADDED ENTRY--TOPICAL TERM
Source of heading or term armarc
Topical term or geographic name entry element Gobernadores
Geographic subdivision México
-- Estado de México
650 #7 - SUBJECT ADDED ENTRY--TOPICAL TERM
Source of heading or term armarc
Topical term or geographic name entry element Elecciones
General subdivision Presidentes
-- México 2012
651 #4 - SUBJECT ADDED ENTRY--GEOGRAPHIC NAME
Geographic name Estado de México
General subdivision Política y gobierno
Chronological subdivision Siglo XXI
651 #4 - SUBJECT ADDED ENTRY--GEOGRAPHIC NAME
Geographic name México
General subdivision Política y gobierno
Chronological subdivision Siglo XXI
700 1# - ADDED ENTRY--PERSONAL NAME
Personal name Rodríguez Castañeda, Rafael
Relator term coordinador
700 1# - ADDED ENTRY--PERSONAL NAME
Personal name Delgado, Álvaro,
Relator term colaborador
9 (RLIN) 11127
700 1# - ADDED ENTRY--PERSONAL NAME
Personal name Cervantes, Jesusa,
Relator term colaborador
700 1# - ADDED ENTRY--PERSONAL NAME
Personal name Díaz, Gloria Leticia,
Relator term colaborador
710 2# - ADDED ENTRY--CORPORATE NAME
Corporate name or jurisdiction name as entry element CISA, Comunicación e Información
Relator term colaborador
942 ## - ADDED ENTRY ELEMENTS (KOHA)
Source of classification or shelving scheme Dewey Decimal Classification
Koha item type Libro
Classification part 320.972520905
Item part L53
Existencias
Withdrawn status Lost status Source of classification or shelving scheme Damaged status Not for loan Collection code Home library Current library Shelving location Date acquired Source of acquisition Cost, normal purchase price Total Checkouts Full call number Barcode Date last seen Cost, replacement price Price effective from Koha item type
    Dewey Decimal Classification     General Biblioteca Karol Wojtyla Biblioteca Karol Wojtyla Sala general 03/12/2013 Donación 0.00   320.972520905 L53 2012 46318 05/01/2026 0.00 03/12/2013 Libro